Analýza príjmov a výdavkov zdravotných poisťovní bakalárska práca

Enregistré dans:
Détails bibliographiques
Auteur principal: Šarina, Patrik
Collectivité auteur: Fakulta hospodárskej informatiky EU. Katedra štatistiky
Autres auteurs: Sušienková, Katarína, 1967-
Format: Livre
Langue:slovaque
Publié: Bratislava 2017
Tags: Ajouter un tag
Pas de tags, Soyez le premier à ajouter un tag!

MARC

LEADER 00000nbm a2200000 4500
001 0233150
005 20171107131801.4
041 0 |a slo 
044 |a SK 
245 1 0 |a Analýza príjmov a výdavkov zdravotných poisťovní  |b bakalárska práca  |c Patrik Šarina ; školiteľ: Katarína Sušienková 
264 1 |a Bratislava  |c 2017 
300 |a 57 s. 
100 1 |a Šarina, Patrik 
700 1 |a Sušienková, Katarína, 1967- 
710 2 |a Fakulta hospodárskej informatiky EU. Katedra štatistiky